| 000 | 00692cab a2200217 4500 | ||
|---|---|---|---|
| 001 | WB3509-21 | ||
| 008 | 090401t1999 xxu||||| |||| 00| 0 eng d | ||
| 035 | _a(Sirsi) u91757 | ||
| 041 | _aeng | ||
| 245 | _aMissing link to dome | ||
| 260 | _c1999 | ||
| 350 | _a0 | ||
| 490 |
_aTimes _v27 February 1999, 6(1) |
||
| 520 | _aGreenwich LBC is challenging property company Quintain`s refusal to grant public access to land for use as a proposed footpath to the Millennium Dome. Map showing proposed route. | ||
| 650 | _aFOOTPATHS | ||
| 650 | _aMILLENNIUM DOME | ||
| 650 | _aPUBLIC RIGHTS OF WAY | ||
| 690 | _aHIGHWAYS RIGHTS OF WAY AND EASEMENTS | ||
| 942 | _n0 | ||
| 948 | _c04/03/1999 | ||
| 999 |
_c58233 _d58233 |
||